2020 Democratic Presidential Candidates - Statistics

General Stats
  • This quiz has been taken 464 times
    335 since last reset
  • The average score is 19 of 29
Answer Stats
Hint Answer % Correct
Former Vice President of the United States and 2008 and 1988 Presidential Candidate Joe Biden
100%
Vermont Senator and 2016 Presidential Candidate Bernie Sanders
98%
California Senator; Suspended Campaign Kamala Harris
93%
Massachusetts Senator; Suspended Campaign Elizabeth Warren
92%
Mayor of South Bend, Indiana; Suspended Campaign Pete Buttigieg
92%
Former Mayor of New York City; Suspended Campaign Michael Bloomberg
90%
Minnesota Senator; Suspended Campaign Amy Klobuchar
89%
Congresswoman from Hawaii's 2nd Congressional District Tulsi Gabbard
83%
New Jersey Senator; Suspended Campaign Cory Booker
81%
Unsuccessful Texas Senate Candidate and Former Representative; Suspended Campaign Beto O'Rourke
78%
Former Venture for America CEO; Suspended Campaign Andrew Yang
77%
New York City Mayor; Suspended Campaign Bill de Blasio
73%
New York Senator; Suspended Campaign Kirsten Gillibrand
71%
Hedge Fund Manager and Environmental Activist; Suspended Campaign Tom Steyer
69%
New Age Author and Speaker; Suspended Campaign Marianne Williamson
68%
Former Secretary of Housing and Urban Development; Suspended Campaign Julian Castro
67%
Colorado Senator; Suspended Campaign Michael Bennet
64%
Former Governor of Colorado; Suspended Campaign John Hickenlooper
63%
Governor of Washington; Suspended Campaign Jay Inslee
62%
Congressman from Ohio's 13th Congressional District; Suspended Campaign Tim Ryan
56%
Former Congressman from Maryland's 6th Congressional District; Suspended Campaign John Delaney
53%
Governor of Montana; Suspended Campaign Steve Bullock
52%
Former Alaska Senator and 2008 Presidential Candidate; Suspended Campaign Mike Gravel
49%
Congressman from California's 15th Congressional District; Suspended Campaign Eric Swalwell
47%
Unsuccessful Congressional Candidate and Former West Virginia State Senator; Suspended Campaign Richard Ojeda
40%
Mayor of Miramar, Florida; Suspended Campaign Wayne Messam
36%
Former Massachusetts Governor; Suspended Campaign Deval Patrick
34%
Congressman from Massachusetts' 6th Congressional District; Suspended Campaign Seth Moulton
33%
Former Congressman from Pennsylvania's 7th Congressional District; Suspended Campaign Joe Sestak
28%
No matching quizzes found
Score Distribution
Percent of People with Each Score
Percentile by Number Answered
Your Score History
You have not taken this quiz since the last reset